Statistics for Days of the week in 15 seconds!

Click here to take the quiz!

General Stats

  • This quiz has been taken 63 times
  • The average score is 6 of 7

Answer Stats

HintAnswer% Correct
Monday
96%
Tuesday
89%
Thursday
81%
Wednesday
81%
Friday
74%
Saturday
74%
Sunday
70%

Score Distribution

Percentile by Number Answered

Percent of People with Each Score

Your Score History

You have not taken this quiz